000 00340 a2200133 4500
000 nam a22 7a 4500
100 _aWilkins, William Joseph
110 _aWilkins, William Joseph
245 _aModern Hinduism
250 _aLatest edition
260 _bShri Sai Printographers
264 _bShri Sai Printographers
942 _cBK
999 _c394312
_d394312